| 000 | 01188nam a2200301 a 4500 | ||
|---|---|---|---|
| 001 | 000025047 | ||
| 005 | 20250520113501.0 | ||
| 008 | 110201s1987 mx r 000 | spa d | ||
| 020 | _a9681626273 | ||
| 040 |
_aDO-SdBNP _bspa _cBNPHU |
||
| 041 | 1 | 7 |
_aeng _hspa _2Código de idioma MARC |
| 082 |
_a153.9 _bG226e |
||
| 100 | 1 |
_aGardner , Howard, _d1943- _951387 |
|
| 240 | 1 | 0 |
_aFrames of mind. The theory of multiple intelligences. _lEspañol |
| 245 | 1 | 0 |
_aEstructuras de la mente : _bla teoría de las múltiples inteligencias / _cHoward Gardner ; traducción Sergio Fernández Everest. |
| 260 |
_aMéxico, D. F. : _bFondo de Cultura Económica, _c1987. |
||
| 300 |
_a354 p. ; _c18 cm. |
||
| 490 | 1 | _aBiblioteca de Psicología y Psicoanálisis | |
| 534 |
_aTítulo original : _tFrames of mind. The theory of multiple intelligences |
||
| 504 | _aIncluye referencias bibliográficas | ||
| 500 | _aIncluye notas al pie de páginas | ||
| 650 | 4 |
_aInteligencia _92917 |
|
| 650 | 0 |
_aPensamiento _922995 |
|
| 650 | 4 |
_aRazonamiento (psicología) _940494 |
|
| 700 | 1 |
_aFernández Everest, Sergio _etr. _951388 |
|
| 830 | 0 |
_aBiblioteca de Psicología y Psicoanálisis _947704 |
|
| 049 | _aBNGR | ||
| 999 |
_c24540 _d24540 |
||